Music Quiz

Random Music Quiz
Score 0/163 Timer 07:00
0 Plays Today
% Correct
the
96.1%
the
96.1%
a
96.1%
And
96.1%
a
96.1%
the
96.1%
and
95.9%
And
95.9%
And
95.9%
and
95.9%
the
95.9%
the
95.9%
And
95.9%
And
95.9%
I
94.4%
I
94.4%
I
94.4%
Oh
69.8%
Oh
69.8%
He
68.2%
he
68.2%
he
68.2%
He
68.2%
he
68.2%
He
68.2%
He
68.2%
to
64.2%
to
64.2%
to
64.2%
to
64.2%
to
64.2%
She
62.6%
She
62.6%
She
62.6%
She
62.6%
is
60.3%
is
60.3%
is
60.3%
is
60.3%
it
57.5%
it
57.5%
it
57.5%
all
54.3%
all
54.3%
go
52.5%
her
50.7%
her
50.7%
that
50.2%
that
50.2%
that
50.2%
too
46.3%
too
46.3%
are
45.7%
are
45.7%
they
45.6%
% Correct
They
45.6%
They
45.6%
know
44.9%
know
44.9%
know
44.9%
for
44.2%
for
44.2%
for
44.2%
for
44.2%
not
43.1%
don't
41.3%
don't
41.3%
at
39.7%
at
39.7%
This
39.1%
out
38.7%
out
38.7%
way
37.3%
way
37.3%
way
37.3%
way
37.3%
every
36.8%
every
36.8%
every
36.8%
been
35.7%
been
35.7%
been
35.7%
has
35.6%
night
35.2%
He's
35.1%
he's
35.1%
he's
35.1%
his
34.6%
His
34.6%
I've
33.9%
tells
33.6%
care
32.7%
care
32.7%
even
32.6%
even
32.6%
goes
32.3%
goes
32.3%
himself
32.1%
only
31.9%
only
31.9%
bomb
31.8%
yeah
31.7%
yeah
31.7%
day
31.4%
She's
31.2%
She's
31.2%
told
30.4%
shaving
30.2%
credit
30.1%
off
29.8%
% Correct
old
29.6%
took
29.6%
pauses
29.5%
cards
28.8%
more
28.4%
more
28.4%
set
28%
looking
28%
looking
28%
waiting
27.9%
waiting
27.9%
paying
27.9%
sexual
27.9%
because
27.9%
score
27.8%
score
27.8%
wants
27.4%
doesn't
27.3%
tight
27.1%
pants
27%
curler
26.9%
strong
26.6%
before
26.2%
before
26.2%
super
26%
Often
25.8%
Often
25.8%
unhealthy
25.4%
felt
25.4%
unhealthy
25.4%
bike
24.8%
seat
24.7%
ready
24.6%
attention
24.5%
seem
24.5%
attention
24.5%
typically
24.1%
typically
24.1%
notice
24%
smell
24%
funds
23.9%
own
23.6%
blow
23.6%
smokes
23.5%
dozen
23.1%
open
22.7%
open
22.7%
starved
22.3%
starved
22.3%
bone
21.8%
they've
18.6%
they've
18.6%
hold
11.4%
Remove Ads.
Support Sporcle.
Get the best of Sporcle when you Go Orange. This ad-free experience offers more features, more stats, and more fun while also helping to support Sporcle. Thank you for becoming a member.

You're not logged in!

Compare scores with friends on all Sporcle quizzes.
OR
Log In

You Might Also Like...

Show Comments

Extras

Created Oct 29, 2010ReportNominate
Tags:blink-182

Top Quizzes Today


Score Distribution

Your Account Isn't Verified!

In order to create a playlist on Sporcle, you need to verify the email address you used during registration. Go to your Sporcle Settings to finish the process.

Report this User

Report this user for behavior that violates our Community Guidelines.

Details: